| 000 | 01249nam a2200277 a 4500 | ||
|---|---|---|---|
| 001 | 000043264 | ||
| 005 | 20250909091242.0 | ||
| 008 | 140303s2009 sp 000 0 spa d | ||
| 020 | _a9788483470930 | ||
| 040 |
_aDO-SdBNP _bspia _cBNPHU |
||
| 100 | 1 |
_aMársal, Juan Francisco _970873 |
|
| 245 | 1 | 0 | _aprólogo de Benjamín Oltra ; edición e introducción de Juan Jesús Morales Martín y M. Carmen Rodríguez Rodríguez. |
| 260 |
_aMadrid : _bAgencia Española de Cooperación Internacional, _c2009. |
||
| 300 |
_a266 p. ; _c24 cm. |
||
| 490 | 1 |
_aAntología del pensamiento político, social y económico de América latina ; _v11 |
|
| 490 | 1 | _aCiencias y humanismo | |
| 504 | _aIncluye referencias bibliográficas y notas al pie de las páginas | ||
| 504 | _aBibliografía :p. 263-266 | ||
| 500 | _aIncluye datos biográficos del autor en al solapa de la cubierta | ||
| 700 | 1 |
_aOltra, Benjamín, _epról. _970874 |
|
| 700 | 1 |
_aMorales Martín, Juan Jesús _eed. _970875 |
|
| 700 | 1 |
_aRodríguez Rodríguez, M. Carmen _970876 |
|
| 710 | 2 |
_aAgencia Española de Cooperación Internacional _934585 |
|
| 830 | 0 |
_aAntología del pensamiento político, social y económico de América latina _v11 _970870 |
|
| 830 | 0 |
_aCiencias y humanismo _970218 |
|
| 999 |
_c42753 _d42753 |
||